000 00947nam a2200253 i 4500
001 bg
100 1 _aMAREK, Stanisław
245 1 0 _aProduktywność nakładów inwestycyjnych na wytworzenie zwierzęcych towarów białkowych w polskim rolnictwie /
_cStanisław Marek.
260 _aSzczecin :
_bWydaw. Naukowe Uniwersytetu Szczecińskiego,
_c1995.
300 _a151 s. :
_bwykr. ;
_c24 cm.
490 1 _aRozprawy i Studia / Uniwersytet Szczeciński,
_x0860-2751 ;
_vt.185
504 _aBibliogr. s. 141-144.
650 9 _aGospodarka żywnościowa
_zPolska
_yod 1956 r
650 9 _aProdukcja
_xrolnictwo
_xekonomika
_zPolska
_yod 1956 r
650 9 _aInwestycje
_xrolnictwo
830 0 _aRozprawy i Studia (Uniwersytet Szczeciński) ;
_vt.185
020 _a8385798927
040 _cBPK
041 _apol
080 _a338.439:330.322](438)"1956/..."
920 _a83-85798-92-7
942 _cKS
008 s pl f |000 0 pol
999 _c30514
_d30514
856 _uhttp://koha.tu.koszalin.pl/cgi-bin/koha/opac-detail.pl?biblionumber=30514
_yKatalog online BPK